Répliques de téléréalité!? - Statistiques

Statistiques générales
  • Ce quiz a été pris 578 fois
  • Le résultat moyen est 3 sur 7
Answers on the Grid
Answers color-coded by a green-red scale on the quiz's grid according to % correct below.
"il faut sachez que"
"sors de ma chambre"
"tu commences à me gonfler avec ton habit de pantère la"
"stop the car... STOP THE CAR"
"quand je réfléchis j'ai cinq cerveaux en fait"
"le peintre ça se voit que c'est Mozart"
"si c'est un garçon History... si c'est une fille Histeury"
"l'eau elle ébulitionne"
"tu es qui toi, Nahuda?"
"à partir de maintenant et jusqu'à la fin de l'aventure tu t'appellera pause caca... PAUSE CACA"
 
Statistiques - réponses
Réponse % Correct
"il faut sachez que"
91%
"stop the car... STOP THE CAR"
48%
"tu commences à me gonfler avec ton habit de pantère la"
43%
"tu es qui toi, Nahuda?"
43%
"à partir de maintenant et jusqu'à la fin de l'aventure tu t'appellera pause caca... PAUSE CACA"
37%
"si c'est un garçon History... si c'est une fille Histeury"
36%
"l'eau elle ébulitionne"
20%
Aucun quiz correspondant
Distribution des résultats
% des personnes avec chaque résultat
Percentile par nombre de réponses
Votre historique - résultats
Vous n’avez pas pris ce quiz